000 00500nam a2200181Ia 4500
005 20250508160329.0
008 008 250505s9999 xx 000 0 hin d
037 _aBooks to be hide in OPAC
040 _aFEDL
_beng
_cFEDL
041 _ahin
_2eng
084 _aB, KAL
_qFEDL
100 _aShukl Ramapati
_9768307
245 0 _aMahakavi Kalidas
245 0 _cNational Council of Education Research and Training
300 _a80p.
942 _cHB
_hB, KAL
999 _c1363751
_d1363751